000 00882nam a2200205 u 4500
001 000352538
003 AM-YeHGA
005 20250617131404.0
008 040719s1977 ai r 000 0 arm d
040 _aAM-YeHGA
041 0 _aarm
100 1 _aՀամբարձումյան, Հենրիկ Շավարշի
245 1 0 _aԻնչպես պաշտպանվել ֆոսֆորօրգանական թունաքիմիկատներից /
_cՀ.Շ. Համբարձումյան; ՀՍՍՀ Առողջապահ. մինիստր. հանրապետ. սանլուստուն.
260 _aԵրևան :
_bՀայաստան,
_c1977.
300 _a20 էջ ;
_c20 սմ.
650 1 4 _aԹունաքիմիկատներ
650 1 4 _aԱշխատանքի հիգիենա
710 2 _aԱռողջապահության մինիստրության հանրապետական սանլուստուն ՀՍՍՀ
090 _c136342
999 _c134974
_d134974